|
|
|
|
| LEADER |
00000nam a22000007a 4500 |
| 005 |
20210520234927.0 |
| 007 |
cr|||| ||| |
| 008 |
210520s2021 cu |||||s|||| 00||0 spa d |
| 035 |
|
|
|a 33559
|
| 040 |
|
|
|a vLex
|
| 090 |
|
|
|c 11759
|d 11759
|
| 100 |
1 |
|
|a Formentn̕ Zayas, Yanixet Milagro
|
| 245 |
1 |
2 |
|a El Derecho a la autodeterminacin̤ informativa y El habeas data como garanta̕ jurisdiccional para su preservacin̤
|h [Recurso electrn̤ico] /
|c Yanixet Milagro Formentn̕ Zayas, Aldo Rodrg̕uez Rodrg̕uez, Daniel Přez Legn̤
|
| 256 |
|
|
|a Servicio en ln̕ea
|
| 300 |
|
|
|a 1 recurso electrn̤ico
|
| 500 |
|
|
|a Su insercin̤ en el modelo legal cubano. El derecho a la autodeterminacin̤ informativa, dentro de la doctrina de los derechos fundamentales, esencialmente en el constitucionalismo contemporǹeo, ocupa un espacio trascendental al constituirse como un derecho emergente diametralmente vinculado al empleo de las Nuevas Tecnologa̕s de la Informt̀ica y las Comunicaciones por las sociedades modernas. La presente investigacin̤ titulada “El derecho a la Autodeterminacin̤ Informativa y el habeas data como garanta̕ jurisdiccional para su preservacin̤. Su insercin̤ en el modelo legal cubano”, se enfoc ̤en fundamentar una adecuada construccin̤ ter̤ico-histr̤ico-doctrinal del derecho a la autodeterminacin̤ informativa y del habeas data como su institucin̤ principal de proteccin̤, para contribuir al perfeccionamiento del sistema de garanta̕s existente. Esta investigacin̤ se estructur ̤en dos capt̕ulos, y aborda esencialmente la gňesis que precede la autodeterminacin̤ informativa y sus mecanismos de proteccin̤; se examina crt̕icamente el modelo legal cubano a fin de dilucidar las cuestiones polt̕icas-legales y sociales que inexorablemente hace perfectible la insercin̤ del habeas data como la garanta̕ fundamental para la proteccin̤ tal derecho fundamental. La tesis propone un grupo de bases doctrinales que servirǹ de base para la implementacin̤ del mecanismo de garanta̕ a fin de perfeccionar el ordenamiento jurd̕ico constitucional cubano.
|
| 506 |
1 |
|
|a Disponible solo en los productos indicados
|d vLex Global
|d vLex Global (Academic Edition, excluding Law Schools)
|d vLex Global (U.S. Academic Edition, Law Schools)
|d vLex Global (U.S. Academic Edition, excluding Law Schools)
|d vLex Global (Academic Edition, Law Schools)
|
| 650 |
0 |
4 |
|a Derecho Constitucional
|z Cuba
|
| 700 |
1 |
|
|a Rodrg̕uez Rodrg̕uez, Aldo
|
| 700 |
1 |
|
|a Přez Legn̤, Daniel
|
| 740 |
0 |
|
|a vLex Libros (Servicio en ln̕ea)
|
| 856 |
4 |
0 |
|u https://vlex.com/source/derecho-a-la-autodeterminacion-informativa-y-el-habeas-data-como-garantia-jurisdiccional-para-su-preservacion-su-insercion-en-el-modelo-legal-cubano-33559
|z Acceso restringido
|
| 942 |
|
|
|c BOOK
|
| 999 |
0 |
|
|a Constitutional right
|